[Event "TUR-chT"]
[Site "Konya"]
[Date "2010.06.30"]
[Round "2"]
[White "Atalik, Suat"]
[Black "Kozhuharov, Spas"]
[Result "1/2-1/2"]
[WhiteElo "2607"]
[BlackElo "2404"]
[Annotator "Atalik,S"]
[PlyCount "112"]
[EventDate "2010.06.29"]
[EventType "team-tourn"]
[EventRounds "13"]
[EventCountry "TUR"]
[SourceTitle "CBM 137 Extra"]
[Source "ChessBase"]
[SourceDate "2010.09.01"]
[SourceVersion "1"]
[SourceVersionDate "2010.09.01"]
[SourceQuality "1"]

1. d4 d5 2. c4 dxc4 3. e4 {The most principled approach.} Nc6 $5 {This move
sounds fishy but has never been refuted.} 4. Nf3 (4. Be3 Nf6 5. Nc3 e5 (5...
Ng4 $6 6. Bxc4 (6. e5 $5 Bf5 7. Bxc4 e6 8. Nf3 Nxe3 9. fxe3 Be7 10. O-O O-O 11.
a3 $14) 6... Nxe3 (6... e5 $6 7. Qb3 Qd7 8. O-O-O exd4 9. Nf3 Bc5 10. Qb5 Bb6
11. Nxd4 Nxd4 12. Bxd4 c6 13. Qa4 Bxd4 14. Rxd4 $16) 7. fxe3 e6 8. Nf3 Be7 9.
O-O O-O 10. e5 $40) 6. d5 Na5 $1 {Illescas' idea in a simiar position may
still be valid here.} (6... Ne7 $6 7. Bxc4 Ng6 8. f3 Bd6 9. Qd2 Bd7 10. Nge2 a6
11. Bb3 (11. Ng3 h5 12. O-O-O h4 13. Nf5 Bxf5 14. exf5 Ne7 15. g4 hxg3 16. hxg3
Rxh1 17. Rxh1 Nxf5 18. Bg5 $44) 11... b5 12. a4 O-O 13. O-O $16) 7. Qa4+ Bd7 (
7... c6 8. dxc6 Nxc6 9. Nf3 Ng4 10. Rd1 Bd7 11. Bxc4 $36 Nd4 (11... Nxe3 12.
fxe3 Bb4 13. O-O Bxc3 $140 $2 14. Bxf7+ $1 Kxf7 15. Rxd7+ Qxd7 16. Nxe5+ $18)
12. Bxf7+ Kxf7 13. Nxe5+ Nxe5 14. Qxd4 Qe7 15. Qd5+ Ke8 16. Qxb7 Bc6 17. Qb3
Qf7 18. Nd5 $44) 8. Qxa5 a6 9. d6 Bxd6 10. Bg5 {is what is given as an
advantageous line in Gary's new books.However things are not crystal clear to
me.} Bc6 11. Nd5 Nxd5 $1 12. exd5 Qxg5 13. dxc6 b5 14. g3 Qe7 15. a3 O-O 16.
Bg2 f5 17. Bd5+ Kh8 18. Ne2 f4 $44) 4... Bg4 5. d5 Ne5 6. Bf4 Ng6 7. Bg3 $5 {
I like this move which may bring fluid positions.} (7. Be3 {is everyone's
choice.} Nf6 8. Nc3 (8. Nbd2 b5) 8... e5 9. Bxc4 a6 10. O-O Bd6 11. Be2 O-O 12.
Nd2 Bd7 13. a3 b5 14. Rc1 c5 15. dxc6 Bxc6 16. Na4 Rc8 17. Nc5 $36) 7... Nf6 $6
{There is a nuance between this} ({and the immediate trust} 7... e5 8. Bxc4 (8.
Nc3 Nf6) (8. dxe6 $6 {This looks terribly risky but may turn out to be
playable after all.} Qxd1+ 9. Kxd1 Bxe6 (9... O-O-O+ $2 10. Kc2 Bxe6 11. Ng5
$14 {is OK for White.}) 10. Kc2 $5 (10. Ng5 $6 Bg4+ $1 11. f3 f6 {is the trick.
} 12. Nxh7 Rxh7 13. fxg4 Nh6 14. Be2 Bd6 15. Kc2 (15. Bxd6 Rd8 16. Kc2 Rxd6 17.
Nd2 Ne5 18. g5 fxg5 19. Nxc4 Nxc4 20. Bxc4 Ng4 21. Rae1 Ne5 $17) 15... Bxg3 16.
hxg3 O-O-O 17. g5 fxg5 18. Bxc4 Rhh8 19. Nc3 Ne5 20. Be6+ Kb8 $15) 10... h5 $1
11. Ng5 (11. h4 $2 Bd6 $17) 11... Nf6 12. f3 h4 13. Bf2 Ne5 14. Nd2 $13 {
Despite of all the possibilities in Black's hands the position is apt to be
playable for the first player.}) 8... Nf6 (8... a6 9. Nc3 Bd6 10. Be2 Nf6 11.
Nd2 Bd7 12. O-O O-O 13. Nc4 $14) (8... Bd6 9. Bb5+ Kf8 10. Be2 h5 11. h3 Bd7
12. Nbd2 h4 13. Bh2 Nf6 14. O-O Qe7 (14... Nh5 $6 15. Nc4) 15. Nc4 $1 Nxe4 16.
Bd3 f5 (16... Bb5 17. Bxe4 Bxc4 18. Re1 $16) 17. Qc2 Ng5 18. Nxg5 Qxg5 19. Nxd6
cxd6 20. f4 Nxf4 21. Bxf4 exf4 22. Qc7 $16 {and Black's position is a mess.})
9. Nbd2 $5 $13 {has not been played so far.}) 8. Nc3 e5 9. dxe6 $1 {Now this
is very adequate since} Bxe6 (9... Qxd1+ {can be answered by} 10. Rxd1 Bxe6 11.
Nd4 (11. Ng5 Bb4 {transposes to the game.}) 11... Bb4 12. f3 O-O-O 13. Nxe6
fxe6 14. Bxc4 $16 {is similar to my game with GM Heberla from the same team
competition.}) 10. Ng5 $6 (10. Nd4 $142 Bd7 (10... Bb4 $2 {This move does not
make sens now.} 11. Qa4+ Qd7 12. Qxb4 Qxd4 13. Qxb7 $16) 11. e5 Ng4 12. e6 Bxe6
13. Nxe6 Qxd1+ 14. Rxd1 fxe6 15. Bxc4 $40) 10... Qxd1+ 11. Rxd1 Bb4 12. f3 (12.
Nxe6 fxe6 13. f3 (13. Bxc4 $6 Nxe4 14. O-O Bxc3 15. bxc3 Nxg3 16. fxg3 (16.
hxg3 Ke7) 16... Ke7 17. Rde1 Nf8 {goes nowhere.}) 13... b5 (13... e5 14. Bxc4
Ke7) 14. Bxc7 {is similar to the game.}) 12... b5 $1 {This is the real
difference between Nd4 and Ng5.} 13. Bxc7 a6 14. a3 {I wanted to probe where
his bishop will sally and only after then I would have shaped my plans up.} Be7
(14... Bc5 15. g3 Ke7 16. f4 Rhc8 17. Ba5 $14) (14... Bc5 15. Nxe6 fxe6 16. g3
$14) 15. Nxe6 fxe6 16. g3 $14 {White has an annoying edge.} Nd7 17. f4 Rc8 18.
Ba5 (18. Bd6 $6 Nc5) 18... Nc5 19. e5 Nf8 (19... Nb3 20. Bb4) 20. h4 {White
will try to put king's rook into the game by the irregular maneuver of Rh2-d2.
Another point of the move is that it makes kingside at least temporarily
immune to threats like g7-g5.} Nfd7 21. Bb4 $1 (21. Rh2 $6 Nb3 22. Bb4 Ndc5 $11
{and I asked myself how I can get rid of these knights.}) 21... Nb6 $6 ({
He had to stick to his original plan with} 21... Nb3 $142 22. Bxe7 (22. Ne4
Ndc5 23. Nd6+ Bxd6 24. Rxd6 Kf7 $132) 22... Kxe7 23. Kf2 Ndc5 24. Be2 $14) 22.
Rh2 Kf7 23. Bxc5 $2 {I had to spice up the game} ({with} 23. Rhd2 Nb3 24. Rd6
$1 (24. Rd7 $5 Nxd7 25. Rxd7 Rhe8 26. Ne4 Kf8 27. Nd6 Rcd8 28. Rc7 Bxd6 29.
exd6 a5 30. Bc3 e5 31. Bxe5 Rxd6 32. a4 $44) 24... Bxd6 25. Rxd6 Rb8 26. Ne4
Rhe8 (26... h6 $2 27. Bh3 Rhe8 28. Rc6 $1 $16 {I did not anticipate the
strenght of this move.}) 27. Bh3 a5 28. Ng5+ Kg8 29. Bc3 Nc5 30. Nxe6 Ne4 31.
Rd4 Nxc3 32. bxc3 $44) 23... Rxc5 24. Bg2 $1 {Now I was threatening an assault
with 24.Ne4.} (24. Rhd2 Rb8 $13) (24. Ne4 $6 Rd5 $11 {and he challenges the d
line.}) 24... Na4 $1 $132 {That was a nasty surprise.} 25. Nxa4 {After all
this looked like the most natural one.} (25. Ne4 Rc7 $1 $13 (25... Nxb2 $2 26.
Rd7 Nd3+ 27. Kd2 $16)) (25. Be4 Nxc3 26. bxc3 Rc7 27. Ra2 $11) 25... bxa4 26.
Be4 c3 27. Rc2 Rhc8 (27... cxb2 $2 28. Rxb2 Rc3 29. Rb7 $3 {Only this rook.} (
29. Rd7 Rd8 (29... Rxg3 $2 30. Rbb7 Re8 31. Bc6 Rb3 32. Ra7 $18) 30. Rxd8 Bxd8
31. Rb7+ Kf8 32. Kf2 Rxa3 33. Bxh7 Rb3 $1 $11) 29... Re3+ 30. Kf2 Rxe4 31. Rc7
$1 $18 {and he is helpless against Kf3 winning his rook.}) 28. Bxh7 cxb2 $2 (
28... g6 $1 29. Rd7 R8c7 30. Rxc7 Rxc7 31. h5 gxh5 $11 {looked very even to me.
}) 29. Rxb2 Rb5 $6 {The most natural looking move alas not the only one.} (
29... Rc1 30. h5 Bxa3 31. Bg6+ Kf8 32. Rb6 $40) (29... Rc3 $142 $5 30. Bd3 $5
Rxa3 31. Rb6 Rcc3 32. Ke2 $36) 30. Rc2 Rxc2 (30... Rbc5 31. Rxc5 Rxc5 32. Rd3
Rc1+ 33. Ke2 Ra1 34. h5 Rxa3 35. Bg6+ Kf8 36. Rxa3 Bxa3 37. Bc2 Kf7 38. Bxa4 {
is an intriguing ending. Can White win this? The answer is yes!} g6 {If black
stands still,how he will lose is explained in the notes for whites 36th move.}
39. hxg6+ (39. h6 Bf8 40. h7 Kg7 41. Bb3 Kxh7 42. Bxe6 Bh6 43. Bb3 Kg7 44. Bc2
Kf7 45. Kf3 a5 46. Ke4 $18) 39... Kxg6 40. Bb3 Kf7 41. Kf3 (41. f5 Bb2) 41...
Ke7 42. g4 Bb2 43. Ke4 Bc1 44. f5 exf5+ 45. gxf5 Bg5 46. Kf3 $18) 31. Bxc2 Bxa3
32. Bxa4 Rb2 33. Rd7+ Kf8 34. Kf1 $1 {The weak side should be protected.} (34.
Rc7 Rg2 35. Bb3 Bb4+ 36. Kd1 $1 Rxg3 37. Bxe6 Rg2 $1 38. f5 Rd2+ 39. Kc1 Re2
40. Rf7+ Ke8 41. Rxg7 Rxe5 42. h5 Re2 43. h6 Rh2 44. h7 Bc3 $11 {makes a draw
just by one tempo.}) 34... Bc5 35. Rc7 Bf2 36. Rc8+ $6 {could have transposed
to the notorious endgame mentioned above.} (36. Kg2 Bb6+ 37. Rc2 Rxc2+ 38. Bxc2
Kf7 39. h5 {Black has even no more time for g6.} Be3 40. Kf3 Bd2 41. Bb3 Ke7
42. g4 a5 43. Ke4 Bc1 44. g5 Bd2 45. h6 gxh6 46. gxh6 Kf7 47. Bxe6+ Kg6 48. f5+
Kxh6 49. f6 Kg6 50. Bd7 Kg5 51. Kd5 Bc3 52. Ke6 Bb4 53. Ba4 Kg6 54. Bc2+ Kg5
55. f7 Bc5 56. Kd7 $18) 36... Kf7 37. Kg2 {With my rook on a white square I
have thought it was clever.} Be1+ 38. Kf3 $2 (38. Kh3 Re2 $1 $132) (38. Bc2 $1
{was the only move to carry the game on.} a5 39. h5 Ke7 (39... a4 40. Kh3 a3
41. Bg6+ Ke7 42. Rc7+ Kd8 (42... Kf8 43. Rf7+ Kg8 44. Ra7 Bb4 45. Bf7+ Kf8 46.
Bxe6 $18) 43. Rxg7 a2 44. Rg8+ Kc7 45. Ra8 Rb3 (45... Kb6 {threatening Ba5.}
46. Bd3 $1 Rb3 47. h6 (47. Rxa2 Rxd3 48. Rg2 Rd8 49. Kg4 $16) 47... Rxd3 48. h7
Ba5 49. Rxa5 Kxa5 50. h8=Q $18) 46. Rxa2 Rxg3+ 47. Kh2 Rg4 48. Re2 Bb4 49. Rf2
Bf8 50. Kh3 Rg1 51. Bf7 $18 {should win.}) 40. Kh3 Kd7 41. Rc4 $16) (38. Rc2 $2
Rxc2+ 39. Bxc2 g6 $1 $11 {proves that the rook exchange leads to a draw now.})
38... Rf2+ 39. Ke4 (39. Ke3 Rg2 $11) 39... Re2+ 40. Kd3 Rg2 41. Rc7+ Kf8 42. f5
{This last attempt to create at least a passer fails as well.} (42. Bd7 Rxg3+
43. Ke2 Rc3 $1 44. Ra7 Bxh4 45. Bxe6 g5 $1 46. f5 Rc5 $11) 42... exf5 43. e6
Rxg3+ 44. Ke2 Bb4 45. Rf7+ Kg8 46. Rb7 $6 $138 {The last but not the least
mistake.} ({At least I should have tried to seize my chances in a R+B vs R
ending} 46. e7 Bxe7 47. Rxe7 Rg4 48. Bb3+ (48. Be8 $6 Kf8 49. Re5 Re4+ $11) (
48. Bc2 g6 49. h5 Rg2+ 50. Kd1 gxh5 51. Bxf5 $14) 48... Kh7 49. Bc2 Kg6 50.
Re6+ Kh5 51. Bxf5 Rxh4 $14) 46... Bc5 $1 47. Rc7 Re3+ 48. Kd2 Re5 $1 $11 {
Now it is a dead draw.} 49. Kd3 Kh7 50. Rxc5 Rxc5 51. e7 Re5 52. e8=Q Rxe8 53.
Bxe8 g6 54. Ke3 Kh6 55. Kf4 Kh5 56. Kg3 a5 1/2-1/2

[Event "Podlehnik"]
[Site "Podlehnik"]
[Date "2001.04.26"]
[Round "3"]
[White "Atalik, Suat"]
[Black "Mikhalchishin, Adrian"]
[Result "1/2-1/2"]
[WhiteElo "2543"]
[BlackElo "2526"]
[Annotator "Atalik,S"]
[PlyCount "44"]
[EventDate "2001.04.24"]
[EventType "tourn"]
[EventRounds "10"]
[EventCountry "SLO"]
[EventCategory "9"]
[SourceTitle "CBM 083"]
[Source "ChessBase"]
[SourceDate "2001.07.05"]
[SourceVersion "1"]
[SourceVersionDate "2001.07.05"]
[SourceQuality "1"]

1. d4 d5 2. c4 dxc4 3. e4 Nf6 4. e5 Nd5 5. Bxc4 Nb6 6. Bb3 Bf5 (6... Nc6 7. Nf3
$6 Bf5 $1 {and parallel things happen compared to the game.} (7... Bg4 8. Bxf7+
(8. Ng5 Bxd1 9. Bxf7+ Kd7 10. Be6+ $11) 8... Kxf7 9. Ng5+ Ke8 10. Qxg4 Qxd4 11.
Qe2 Qxe5 12. Be3 Nd5 13. Nf3 Qf5 14. Nc3 $44)) 7. Nf3 $6 {During the
preparation the idea fascinated me but now I have understood that N belongs to
e2 to have Ng3 and f4 possibility in hand.} e6 8. O-O Be7 (8... Nc6 9. Nc3 Bg4
10. Be3 Qd7 11. Rc1 O-O-O 12. h3 Bh5 13. Qe2 $13) 9. Nc3 O-O 10. Be3 Na6 $5 (
10... Nc6 11. Qe2 Nb4 12. Rad1 c6 $11) 11. a3 c5 $6 (11... c6 $11 {should also
be seriously taken into consideration.}) 12. d5 $1 exd5 13. Bxd5 $1 (13. Nxd5
Nxd5 14. Bxd5 Qb6 15. Qb3 Qxb3 16. Bxb3 Nc7 $11) 13... Nxd5 14. Nxd5 c4 (14...
Be4 15. Nf4 Qxd1 (15... Qb6 $6 16. Nd2 Bc6 17. Qg4 $40) 16. Rfxd1 $13) 15.
Nxe7+ $6 (15. Qd4 Bd3 (15... Bc5 $6 16. Qxc4 Be6 17. Rad1 Bxe3 18. fxe3 $16)
16. Nxe7+ Qxe7 17. Rfc1 $13 {And black may have problems with his expanded
pawn.}) 15... Qxe7 16. Qd4 Rfd8 $1 {Black started to charge ambitiously.} 17.
Qc3 (17. Qxc4 Bd3 18. Bg5 Qxg5 19. Qxd3 Qxg2+ $11) 17... Bd3 $5 (17... Qc7 18.
Rfd1 Bg4 19. Bd4 $11) 18. Bg5 Qe6 19. Bxd8 Bxf1 {I thought I would have a
trick in this murky position but alternatives were not brilliant.} 20. Nd4 (20.
Ng5 $6 Qd5 21. Rxf1 Rxd8 $15) (20. Rxf1 Rxd8) (20. Ba5 $5 Bd3 21. Qd4 {This
position is interesting but I do not know how to appreciate it.}) 20... Qd7 $1
{The most accurate.} (20... Qd5 $6 21. Rxf1 Rxd8 22. Nf5 Qd3 23. Qa5 $40) 21.
Ba5 $1 Bd3 22. Bb4 {White also had to be careful.} Nc7 (22... Nxb4 23. axb4 h6
24. h3 Rd8 25. Nf3 a6 26. Re1 Qd5 27. Re3 $11) (22... Nc7 23. Bd6 (23. Nf3 $5 {
Actually I was intended to play this.}) 23... Nd5 24. Qa5 Nf4 25. h3 b6 26. Qd2
Ne6 $11) 1/2-1/2

[Event "YUG-chT"]
[Site "Vrnjacka Banja"]
[Date "1998.08.30"]
[Round "9"]
[White "Atalik, Suat"]
[Black "Gyimesi, Zoltan"]
[Result "1-0"]
[WhiteElo "2585"]
[BlackElo "2525"]
[Annotator "Atalik,S"]
[PlyCount "89"]
[EventDate "1998.08.??"]
[EventType "team"]
[EventRounds "11"]
[EventCountry "YUG"]
[SourceTitle "CBM 067"]
[Source "ChessBase"]
[SourceDate "1998.11.30"]
[SourceVersion "2"]
[SourceVersionDate "1998.11.01"]
[SourceQuality "1"]

{[%mdl 24780]} 1. d4 d5 2. c4 dxc4 3. e4 c5 4. d5 e6 5. Nc3 exd5 6. Nxd5 Ne7 7.
Bxc4 Nxd5 8. Bxd5 Be7 9. Nf3 O-O 10. O-O Na6 {This is Hungarian grandmaster's
special line against 3.e4 in QGD.} 11. Bb3 $5 $146 {A very strange move.White
B steps out of d5 without being attacked by Na6.} (11. Bc4 {Vyzhmanavin.})
11... Nc7 (11... Qb6 12. Ne5 Be6 (12... Bf6 13. Nc4 Qc7 14. Qf3) 13. Nd7 Bxd7
14. Qxd7 Bf6 15. Qf5 g6 16. Qf3 Bg7 17. Rd1 Rad8 18. Bg5) (11... Nb4 12. Qxd8
Rxd8 13. Bg5 $5) 12. Qxd8 Rxd8 (12... Bxd8 $142 {Gyimesi} 13. Be3 b6 14. Rad1
Bf6 $5 (14... Bb7 15. Ne5 Bxe4 16. Rd7 Bg6 17. Nxg6 hxg6 18. Rfd1 Ne6 (18...
Rc8 19. Bxf7+) 19. Bd5 $16) 15. e5 Be7 16. Bg5 $5) 13. Bf4 Ne6 14. Bg3 $1 Bf6
$5 {Black provokes white for e5 pawn trust.} (14... Bd7 {Goldin} 15. Bd5 Bc6
16. Rad1 Bf6 17. Bxc6 bxc6 18. Be5 Bxe5 19. Nxe5 Nd4 20. f3 (20. a3 f6 21. Nc4
Ne2+ 22. Kh1 Rd4 23. Rxd4 cxd4 $17) 20... Rab8 (20... f6 21. Nc4 $16) 21. b3 {
threatening to take on d4.} Rd6 (21... f6 22. Rxd4 cxd4 23. Nxc6) 22. Nc4 Rd7
23. Rd2 Rbd8 24. Kf2 $16) (14... Nd4 15. Nxd4 Rxd4 16. Bd5) (14... b6 $6 15.
Rfd1 $1 (15. Ne5 Bb7 16. f3 (16. f4 $6 Bxe4 17. f5 Rd2 $1)) (15. Bd5 Ba6 16.
Bxa8 (16. Rfe1 Rac8 17. Rad1 (17. Ne5 Bb5 18. Rad1 Bf6 $13)) 16... Bxf1 17. Bd5
Bb5 18. a4 Be8 19. a5 b5 20. a6 $5 Bf6 21. Ne5 (21. Be5 $2 Bxe5 22. Nxe5 Nc7
23. Bc6 f6 24. Bxe8 fxe5 $17)) 15... Bb7 (15... Ba6 $2 16. Ne5 Bf6 17. Bd5) 16.
Bd5 $1 $16) 15. Ne5 $1 Kf8 $1 {This move was hard to guess.However at first I
saw nothing to prevent Nd4.} (15... Rd2 $5 16. Nc4 (16. Rad1 Rxb2 17. Rfe1 Bxe5
18. Bxe5 Nd4 19. Bxd4 cxd4 20. Rxd4 Be6 $11) (16. Rab1 $5 Bxe5 (16... Nd4 $6
17. Bxf7+ Kf8 18. Bd5 Ne2+ 19. Kh1 Nxg3+ 20. fxg3 $16 {is the trick giving
white advantage if black tries to play Nd4 having Kg8.}) 17. Bxe5 Nd4 18. Bd5)
16... Re2 $1 $132 17. e5 Be7 18. Bd1 (18. Rfd1 $2 b5) 18... Re4 19. Nd6 $40) (
15... Nd4 $2 16. Bxf7+ Kf8 17. Bd5 Ne2+ 18. Kh1 Nxg3+ 19. fxg3 $18) 16. f4 $1 {
A very strong reaction.White does not care about his pawn structure and plays
for the attack.} Rd2 $2 (16... Bxe5 17. fxe5 Rd2 (17... Rd4 18. Bd5) 18. Rf3 $1
Ng5 (18... Rxb2 19. Raf1 Ng5 20. Rxf7+ Nxf7 21. e6 $18) 19. Rxf7+ $1 Nxf7 20.
Rf1 b5 (20... Ke8 21. Bxf7+ (21. Rxf7 $2 b5 $1 $19) 21... Kd8 22. Bh4+ (22. e6
Ke7) 22... Kc7 23. Bd5 $5 $18 {should be decisive.}) 21. Bxf7 Rb8 (21... Rd1
22. Rxd1 Kxf7 23. Rd5 $18) 22. Bf4 $5 (22. Bd5+ Ke8 23. Bc6+ Ke7 24. Bh4+ Ke6
25. Bd5+ Rxd5 26. exd5+ Kxd5 27. Rf8 Ra8 28. Bg3 c4 29. Kf2 b4 30. Ke3 c3 31.
bxc3 bxc3 32. Rd8+ Ke6 33. Rd3 Bb7 34. Rxc3 Rc8 35. Rd3 Bd5 36. Ra3 $16) 22...
Kxf7 (22... Re2 23. e6 Rb6 24. Bh5 $18) (22... Rxb2 23. e6 Rb6 24. Bg5 $18) 23.
Bxd2+ Ke6 (23... Ke7 24. Be3) 24. Rf8 Ra8 25. Re8+ Kf7 26. Rd8 Ke6 (26... h6
27. Rd5 Be6 28. Rxc5) 27. Bf4 c4 (27... h6 28. Rd6+ Kf7 29. Be3) 28. Kf2 b4 29.
Ke3 c3 30. bxc3 bxc3 31. Kd4 Bb7 (31... c2 32. Rd6+ Ke7 33. Rc6 $18) 32. Rd6+
Ke7 33. Bg5+ Ke8 34. Re6+ Kf8 35. Re7 Rd8+ 36. Kxc3 Bxe4 37. Rxa7 $18) 17. Nf3
$1 (17. Nc4 Bd4+ 18. Kh1 Re2 19. Bd1 Rxe4 20. Bf3 Rxf4 21. Bxf4 Nxf4 $132)
17... Rxb2 18. e5 Bd8 19. f5 $1 (19. Rad1 Bb6 20. Kh1 Nd4 21. Nxd4 cxd4 $132
22. f5 f6 23. e6 Ke7) 19... Ng5 (19... Nd4 20. Nxd4 cxd4 21. e6 $40) 20. e6
Nxf3+ (20... Ne4 21. Be5 Re2 22. Rae1 $1 (22. Bc4 $6 Re3 23. Rae1 Rxe1 24. Rxe1
Nf6 25. exf7 Be7 26. g4 b5 27. Bxf6 gxf6 28. Bxb5 Bb7 $14) 22... Rxe1 23. Rxe1
Nf6 24. exf7 Be7 25. g4 b5 (25... Bd7 26. Ng5 $18) 26. g5 c4 (26... Bb7 27.
gxf6 gxf6 28. Bf4 c4 29. Bd1 $1 $18) 27. Bc2 $1 Bb7 28. Nd4 Nd5 29. g6 hxg6 30.
fxg6 Bc5 31. Kf1 $18) 21. Rxf3 {xRb2} Rd2 $1 22. Bf4 Rd4 23. Be5 (23. Be3 Bf6
24. Rc1 b6 25. Bxd4 Bxd4+ 26. Kh1 fxe6 27. fxe6+ Ke7 28. Rf7+ Kd6 29. Re1 b5
30. Rf8 Ke7 31. Bd5 Rb8 32. Bc6 Bf6 33. Re8+ Kd6 34. Bxb5 Rxb5 35. Rxc8 $16)
23... Bf6 (23... Rd2 24. Bc3 (24. f6 $2 Bxf6 25. Bxf6 gxf6 26. Rxf6 Bxe6 $1 27.
Bxe6 Ke7 28. Rh6 fxe6 29. Rxh7+ Kf6 30. Rxb7 Rg8 31. Rf1+ Ke5 $132) 24... Re2
25. Rd1 $18) 24. Bxf6 gxf6 25. Re1 fxe6 26. fxe6 Ke7 27. Rg3 $5 {An
incomprehensible move.} (27. Rh3 Kd6 (27... c4 28. Rxh7+ Kd6 29. Rh8 cxb3 30.
e7 $18) 28. Rxh7 c4 29. Rh8 $1 Ke7 30. Bc2 $18) 27... b5 28. Rg7+ Kd6 29. Rg8
Ke7 30. Bc2 $1 $18 Rd5 $138 31. Rg7+ $4 (31. Bxh7 Re5 32. Rxe5 fxe5 33. Be4 Rb8
34. h4 c4 (34... Kxe6 35. h5 Kf7 36. Bd5+ Ke7 37. h6 $18) 35. h5 b4 36. h6 b3
37. axb3 cxb3 38. h7 $18 {would have won easily.}) 31... Kd6 32. e7 Be6 33. Be4
Re8 $8 34. Bxd5 Bxd5 $44 35. Re2 $2 (35. Rxh7 $1 Bxa2 36. Rd1+ Ke6 37. Re1+ $1
$11 (37. Ra1 $2 Bd5 38. Ra6+ Ke5 39. Rxa7 b4 40. Rd7 b3 41. Rh5+ f5 42. Rh6 $8
c4 43. Rb6 Bf7 (43... c3 $2 44. Rb5 Ke4 45. Rdxd5 c2 46. Rdc5 Kd4 47. Rc6 Rxe7
48. Kf2 Re6 49. Rc8 Re8 50. Rb4+ Kd5 51. Rc3 $18) 44. Rc7 Kd4 45. Rf6 b2 46.
Rb7 c3 $1 $19 (46... Rxe7 47. Rxb2 c3 48. Rb4+ Kd3 49. Rxf5 c2 50. Rf1 Rc7 $11)
)) 35... c4 36. Rxh7 c3 $1 (36... b4 37. Kf2 b3 38. Ke3 Rxe7+ 39. Rxe7 Kxe7 40.
Kd4+ Kd6 41. axb3 cxb3 42. h4 $1 (42. Rf2 $2 Ke6 43. h4 a5 44. h5 Ba8 45. g4 a4
46. g5 fxg5 (46... a3 47. Rxf6+ Ke7 48. Kc3 b2 49. Rb6 Be4 50. Rxb2 $11) 47. h6
b2 48. Rxb2) 42... a5 43. Kc3 a4 44. h5 Bf7 45. h6 Bg6 46. Kb4 Bc2 47. Ka3 Kd7
48. Rxc2 bxc2 49. Kb2 $18) 37. Kf2 b4 $2 (37... Bc4 $3 38. Re3 (38. Rc2 $4 Bd3)
38... Bxa2 (38... b4 39. Rh6 c2 (39... Rxe7 $2 40. Rxf6+ Re6 41. Rf4 Bxa2 42.
Rxb4 c2 43. Rc3 $18) 40. Rxf6+ Kd7 (40... Kc5 41. Rf5+) (40... Kd5) 41. Re1
Bxa2 42. Ra6 b3 43. Rxa7+ Kc6 44. Rc1 Kd6 $19) 39. Rd3+ Ke5 (39... Bd5 40. Rh5
$18) 40. Rxc3 b4 41. Re3+ Kd6 42. Rd3+ Ke6 $11) 38. Ke3 $1 {King should come
to help.} Kc5 (38... Rxe7+ 39. Rxe7 Kxe7 40. Kd4+ Kd6 41. h4 a5 42. h5 a4 43.
h6 Bg8 44. a3 $1 bxa3 (44... Bh7 45. axb4 c2 46. Re1 a3 47. Kc3 $18) 45. Kxc3
$18) 39. Rf2 Bxa2 $1 {Best under the circumstances.} (39... a5 40. Rxf6 Bxa2
41. Rf8 $18) 40. Rxa2 b3 41. Rh5+ $2 (41. Ra5+ Kd6 (41... Kb4 42. Rxa7 c2 43.
Kd2 Rc8 44. Rb7+ Ka3 45. Kc1 $18) (41... Kb6 42. Ra3 $18 b2 43. Rb3+ Ka5 44.
Kd3) (41... Kc6 42. Ra3 c2 43. Kd2 $18) (41... Kc4 42. Rh4#) 42. Ra6+ Kd7 43.
Rxa7+ Ke6 44. Rb7 b2 45. Kd3 Rc8 46. e8=Q+ $1 $18) 41... Kd6 42. Ra6+ $2 (42.
Ra1 b2 43. Rd1+ Kxe7 44. Rc5 Kf8+ 45. Kf4 Rb8 46. Rb1 Rb3 47. Ke4 Ra3 48. Kd3
$18) (42. Rf2 b2 43. Rb5 Rxe7+ 44. Kd4 Re1 45. Rxf6+ Ke7 46. Ra6 $18) 42...
Kxe7 43. Rh7+ Kf8+ $4 (43... Kd8+ $1 44. Kd3 c2 (44... b2 45. Rb7 Re1 46. Kxc3
b1=Q 47. Rxb1 Rxb1 48. Rxf6 $18) 45. Rd6+ (45. Raxa7 c1=Q 46. Ra8+ Qc8 47.
Rxc8+ Kxc8 $11) 45... Kc8 46. Rc6+ Kb8 47. Rcc7 Re1 $1 (47... Rd8+ 48. Ke2 Re8+
49. Kf2 b2 50. Rb7+ Ka8 51. Rxa7+ Kb8 52. Rhb7+ Kc8 53. Rc7+ Kd8 $1 (53... Kb8
54. Rab7+ Ka8 55. Rxb2) 54. Rxc2 (54. Rd7+ Kc8 55. Rac7+ Kb8 56. Rb7+ Ka8 57.
Ra7+ Kb8 58. Rdb7+ Kc8 59. Rc7+ Kd8 60. Rxc2 {transposes to the main line.})
54... b1=Q 55. Rd2+ Kc8 56. Ra8+ Kc7 $1 (56... Qb8 57. Rxb8+ Kxb8 58. Kg3 $18)
57. Rxe8 Qf5+ 58. Ke1 $8 Qc5 (58... Qb1+ 59. Rd1 Qb4+ 60. Kf2 Qc5+ 61. Kf1 Qb5+
62. Re2) 59. Kf1 Qf5+ 60. Rf2 Qh5 61. Rc2+ Kd7 62. Re1 $1 Qf5+ (62... Qxh2 $4
63. Rd2+ $18) 63. Rf2 $18 {once white consolidates this endgame should easily
be won for him.}) 48. Rb7+ Kc8 49. Rxa7 Kb8 50. Rhb7+ Kc8 51. Rf7 Kb8 52. Rab7+
Kc8 53. Rfc7+ Kd8 $11) 44. Kd3 c2 45. Raxa7 (45. Raxa7 Rd8+ (45... Kg8 46.
Rag7+ Kf8 47. Rb7 Kg8 48. Rhc7 $18) (45... Re7 46. Ra8+ Re8 47. Rxe8+ Kxe8 48.
Rc7 $18 (48. Kd2 $18)) 46. Ke4 (46. Ke2 $2 Re8+ 47. Kf3 Re7) 46... Re8+ (46...
Kg8 47. Rag7+ Kf8 48. Rb7 Kg8 49. Rhc7 $18) 47. Kf5 Re7 48. Ra8+ Re8 49. Kxf6
Kg8 50. Rg7+ Kf8 51. Rf7+ Kg8 52. Rxe8#) 1-0